Fate/Stay Night servant classes - Statistics

General Stats
  • This quiz has been taken 178 times
  • The average score is 7 of 7
Answer Stats
Answer % Correct
Saber
100%
Archer
99%
Lancer
97%
Assassin
96%
Berserker
96%
Caster
94%
Rider
91%
No matching quizzes found
Score Distribution
Percent of People with Each Score
Percentile by Number Answered
Your Score History
You have not taken this quiz